Laddar...

NUMERICAL METHODS IN FORTRAN

Bibliografiska uppgifter
Huvudupphovsman: MCCORMICK JOHN M & SALVADORI MARIO G
Materialtyp: Printed Book
Publicerad: DELHI PRENTIC/HALL OF INIDIA 1971
Ämnen:
LEADER 00574nam a2200181 4500
020 |c 18.5 
082 |a 513.5 MCC 
100 |a MCCORMICK JOHN M & SALVADORI MARIO G 
245 |a NUMERICAL METHODS IN FORTRAN  |h ENGLISH 
250
260 |a DELHI  |b PRENTIC/HALL OF INIDIA  |c 1971 
300 |a 324  |f HB 
500 |a   
590 |d   
650 |a NUMERICAL METHODS IN FORTRAN 
942 |c REF 
999 |c 119911  |d 119911 
952 |0 0  |1 0  |4 0  |6 513_500000000000000_MCC  |7 0  |9 133376  |a CHE  |b CHE  |g 18.50  |l 0  |o 513.5 MCC  |p CHE1221  |r 2019-10-15  |w 2019-10-15  |y REF